[Event "CP-2013-P-00017"]
[Site "LSS email"]
[Date "2013.09.30"]
[Round "?"]
[White "Rossetti, Mario"]
[Black "Stadler, Pavel"]
[Result "0-1"]
[WhiteElo "1600"]
[BlackElo "1388"]
[PlyCount "64"]
[EventDate "2013.10.01"]
[EventType "tourn (corr)"]
[EventRounds "6"]
[EventCountry "GER"]
[SourceTitle "Corr 2022"]
[Source "ChessBase"]
[SourceDate "2021.10.24"]
[SourceVersion "1"]
[SourceVersionDate "2021.10.24"]
[SourceQuality "1"]

1. e4 c5 2. Nf3 d6 3. d4 cxd4 4. Nxd4 Nf6 5. Nc3 a6 6. Be3 e5 7. Nf3 Be6 8. Ng5 Bg4 9. f3 Bh5 10. g4 Bg6 11. Bc4 h6 12. Nh3 Qc7 13. Bb3 Nbd7 14. 0-0 Be7 15. Qe2 Nc5 16. Bd5 Rc8 17. a4 0-0 18. a5 Ne6 19. Rfd1 Rfe8 20. Bxe6 fxe6 21. g5 hxg5 22. Nxg5 Bf8 23. Qd2 d5 24. exd5 exd5 25. Nxd5 Qxc2 26. Bb6 Bc5+ 27. Kf1 Bd3+ 28. Ke1 e4 29. Qxc2 exf3+ 30. Kd2 Bxc2 31. Kxc2 Nxd5 32. Rxd5 Bxb6+ 0-1

[Event "CP-2013-P-00017"]
[Site "LSS email"]
[Date "2013.09.30"]
[Round "?"]
[White "Sorcinelli, Andrea"]
[Black "Rossetti, Mario"]
[Result "1-0"]
[WhiteElo "1707"]
[BlackElo "1600"]
[PlyCount "75"]
[EventDate "2013.10.01"]
[EventType "tourn (corr)"]
[EventRounds "6"]
[EventCountry "GER"]
[SourceTitle "Corr 2022"]
[Source "ChessBase"]
[SourceDate "2021.10.24"]
[SourceVersion "1"]
[SourceVersionDate "2021.10.24"]
[SourceQuality "1"]

1. e4 e5 2. Nf3 Nc6 3. Bb5 a6 4. Ba4 b5 5. Bb3 Nf6 6. 0-0 Bc5 7. a4 Rb8 8. c3 0-0 9. d4 Bb6 10. dxe5 Ng4 11. Bf4 bxa4 12. Bxa4 Qe8 13. Bxc6 Nxf2 14. Rxf2 Bxf2+ 15. Kxf2 Rxb2+ 16. Nbd2 dxc6 17. Qc1 Rb8 18. Qa3 Qd8 19. Kg1 Ra8 20. Nd4 Bd7 21. Qa5 Qb8 22. N2b3 Qb6 23. Nc5 Bg4 24. h3 Bc8 25. Qxb6 cxb6 26. Na4 c5 27. Nxb6 Rb8 28. Nxc8 Rbxc8 29. Nf5 Ra8 30. Ne7+ Kh8 31. Be3 c4 32. Nd5 a5 33. Nb6 Ra6 34. Ra4 Re8 35. Nxc4 Rc8 36. Kf2 Rac6 37. Nd6 Ra8 38. Nxf7+ 1-0

[Event "LSS No Engine Cup 83 Final"]
[Site "LSS email"]
[Date "2013.08.11"]
[Round "?"]
[White "Rossetti, Mario"]
[Black "Gudok, Viktor V"]
[Result "0-1"]
[WhiteElo "1580"]
[BlackElo "1938"]
[PlyCount "98"]
[EventDate "2013.08.12"]
[EventType "tourn (corr)"]
[EventRounds "6"]
[EventCountry "GER"]
[SourceTitle "Telechess CBM 167"]
[Source "ChessBase"]
[SourceDate "2015.07.13"]
[SourceVersion "1"]
[SourceVersionDate "2015.07.13"]
[SourceQuality "1"]

1. e4 c5 2. c3 Nf6 3. e5 Nd5 4. d4 cxd4 5. Nf3 Nc6 6. cxd4 d6 7. Bc4 Nb6 8. Bb5 dxe5 9. Nxe5 Bd7 10. Nxd7 Qxd7 11. Nc3 e6 12. 0-0 a6 13. Bxc6 Qxc6 14. Qg4 Nd5 15. Qg3 h5 16. Bd2 h4 17. Qg4 h3 18. gxh3 Nf6 19. Qg2 Qxg2+ 20. Kxg2 Rd8 21. Ne2 Nd5 22. Rac1 Bd6 23. Rc2 f6 24. f4 Rh4 25. Rcc1 g6 26. a4 Kf7 27. Rf3 Rd7 28. Rc2 Rh8 29. b3 Rdd8 30. Ng3 Rc8 31. Rxc8 Rxc8 32. Ne4 Bb8 33. Nc5 b6 34. Nd3 Ne7 35. Ne1 b5 36. axb5 axb5 37. Rd3 Nd5 38. Rf3 Ba7 39. Rd3 Ra8 40. Kg3 Bb8 41. h4 Ra1 42. Ng2 Rf1 43. h3 Bc7 44. Rf3 Rd1 45. Bc3 Bd6 46. Be1 Rxd4 47. Bf2 Rd2 48. Be1 Rb2 49. Bf2 e5 0-1

[Event "BI-2013-P-00004"]
[Site "LSS email"]
[Date "2013.04.22"]
[Round "?"]
[White "Digiglio, Rafael"]
[Black "Rossetti, Mario"]
[Result "0-1"]
[WhiteElo "923"]
[BlackElo "1612"]
[PlyCount "30"]
[EventDate "2013.04.25"]
[EventType "tourn (corr)"]
[EventRounds "10"]
[EventCountry "GER"]
[SourceTitle "Corr 2022"]
[Source "ChessBase"]
[SourceDate "2021.10.24"]
[SourceVersion "1"]
[SourceVersionDate "2021.10.24"]
[SourceQuality "1"]

1. e4 e5 2. d4 exd4 3. Qxd4 Nc6 4. Qc3 Bb4 5. Bd2 Bxc3 6. Bxc3 Nf6 7. Nd2 d5 8. exd5 Nxd5 9. 0-0-0 Nxc3 10. bxc3 Qf6 11. Re1+ Be6 12. f3 Qxc3 13. Bb5 Qa1+ 14. Nb1 0-0-0 15. Bxc6 Bxa2 0-1

[Event "LSS No Engine Cup 83 Preliminary 6"]
[Site "LSS email"]
[Date "2013.02.27"]
[Round "?"]
[White "Ilkow, Zbigniew"]
[Black "Rossetti, Mario"]
[Result "0-1"]
[WhiteElo "696"]
[BlackElo "1631"]
[PlyCount "46"]
[EventDate "2013.02.28"]
[EventType "tourn (corr)"]
[EventRounds "6"]
[EventCountry "GER"]
[SourceTitle "Telechess CBM 161"]
[Source "ChessBase"]
[SourceDate "2014.07.16"]
[SourceVersion "1"]
[SourceVersionDate "2014.07.16"]
[SourceQuality "1"]

1. e4 c5 2. Bc4 e6 3. Nf3 a6 4. Nc3 b5 5. Bxb5 axb5 6. Nxb5 Ba6 7. a4 Bxb5 8. b3 Qf6 9. d3 Qxa1 10. axb5 Qa5+ 11. Bd2 Qxb5 12. c4 Qb7 13. 0-0 Ra3 14. d4 Qxb3 15. Qc1 Ra4 16. dxc5 Nf6 17. Nd4 Qxc4 18. Qxc4 Rxc4 19. Nf3 Nxe4 20. Rb1 Nc6 21. Be3 Bxc5 22. Bxc5 Nxc5 23. h3 Ke7 0-1

[Event "CP-2012-P-00053"]
[Site "LSS email"]
[Date "2012.10.01"]
[Round "?"]
[White "Schlenther, Marco"]
[Black "Rossetti, Mario"]
[Result "1-0"]
[WhiteElo "2403"]
[BlackElo "1631"]
[PlyCount "79"]
[EventDate "2012.10.05"]
[EventType "tourn (corr)"]
[EventRounds "6"]
[EventCountry "GER"]
[SourceTitle "Telechess CBM 161"]
[Source "ChessBase"]
[SourceDate "2014.07.16"]
[SourceVersion "1"]
[SourceVersionDate "2014.07.16"]
[SourceQuality "1"]

1. e4 e5 2. Nf3 Nc6 3. Bc4 Bc5 4. 0-0 Nf6 5. d3 d6 6. c3 a6 7. a4 0-0 8. h3 Qe7 9. Bg5 h6 10. Bh4 g5 11. Bg3 Nh5 12. Bh2 g4 13. hxg4 Bxg4 14. Nbd2 Qf6 15. b4 Bb6 16. a5 Ba7 17. b5 axb5 18. Bxb5 Nxa5 19. Rxa5 Bxf2+ 20. Rxf2 Rxa5 21. Bc4 Qg7 22. d4 exd4 23. cxd4 Rfa8 24. Qb3 Ra1+ 25. Bf1 b6 26. e5 d5 27. Qxd5 Qg6 28. Nh4 Qe6 29. Qe4 R8a4 30. Nb1 R1a2 31. Rxa2 Rxa2 32. d5 Nf6 33. Qc4 Qxd5 34. exf6 Qxc4 35. Bxc4 Ra1 36. Bd3 c5 37. Be5 Ra5 38. Ng6 Be6 39. Ne7+ Kf8 40. Be2 1-0

[Event "BI-2012-P-00014"]
[Site "LSS email"]
[Date "2012.04.20"]
[Round "?"]
[White "Popov, Misha"]
[Black "Rossetti, Mario"]
[Result "0-1"]
[WhiteElo "908"]
[BlackElo "1647"]
[PlyCount "68"]
[EventDate "2012.04.22"]
[EventType "tourn (corr)"]
[EventRounds "10"]
[EventCountry "GER"]
[SourceTitle "Telechess CBM 159"]
[Source "ChessBase"]
[SourceDate "2014.03.17"]
[SourceVersion "1"]
[SourceVersionDate "2014.03.17"]
[SourceQuality "1"]

1. Nf3 d5 2. c4 e6 3. d4 Nf6 4. e3 c6 5. Nc3 Nbd7 6. Bd2 Bd6 7. c5 Bc7 8. Qc2 e5 9. Be2 e4 10. Ng1 Nb8 11. h3 b6 12. b4 0-0 13. a4 bxc5 14. bxc5 a5 15. g3 Na6 16. Na2 Be6 17. Bxa6 Rxa6 18. Ne2 h5 19. Nf4 Bxf4 20. exf4 Qc8 21. h4 Bg4 22. Rb1 Bf3 23. Rg1 e3 24. Bxe3 Be4 25. Qc1 Bxb1 26. Qxb1 Ra7 27. Qc2 Re8 28. Kd1 Rae7 29. Nc3 Ng4 30. Re1 Nxe3+ 31. Rxe3 Rxe3 32. fxe3 Rxe3 33. Ne2 Qg4 34. Qd2 Qf3 0-1

[Event "BI-2012-P-00014"]
[Site "LSS email"]
[Date "2012.04.20"]
[Round "?"]
[White "Rossetti, Mario"]
[Black "Nowak, Ireneusz"]
[Result "0-1"]
[WhiteElo "1647"]
[BlackElo "2111"]
[PlyCount "62"]
[EventDate "2012.04.22"]
[EventType "tourn (corr)"]
[EventRounds "10"]
[EventCountry "GER"]
[SourceTitle "Telechess CBM 159"]
[Source "ChessBase"]
[SourceDate "2014.03.17"]
[SourceVersion "1"]
[SourceVersionDate "2014.03.17"]
[SourceQuality "1"]

1. d4 e6 2. c4 d5 3. e3 Nf6 4. Nc3 c5 5. Nf3 Nc6 6. cxd5 exd5 7. Be2 cxd4 8. Nxd4 Bd6 9. 0-0 0-0 10. Nf3 Re8 11. Qb3 a6 12. Rd1 Be6 13. Ng5 b5 14. Nxe6 fxe6 15. a3 Qb6 16. Qc2 Ne5 17. Qb1 Rac8 18. Rd4 Rc7 19. Rh4 g5 20. Rd4 Rf8 21. h3 Rg7 22. Nd1 Qd8 23. Qc2 g4 24. hxg4 Nfxg4 25. Rf4 Qh4 26. Bxg4 Rxg4 27. Rxf8+ Kxf8 28. g3 Qh3 29. Qe2 Rg5 30. e4 Rh5 31. Qxh5 Qxh5 0-1

[Event "BI-2011-F-00015"]
[Site "LSS email"]
[Date "2012.02.12"]
[Round "?"]
[White "Rossetti, Mario"]
[Black "Luers, Charles J"]
[Result "0-1"]
[WhiteElo "1654"]
[BlackElo "1770"]
[PlyCount "64"]
[EventDate "2012.02.15"]
[EventType "tourn (corr)"]
[EventRounds "10"]
[EventCountry "GER"]
[SourceTitle "Telechess CBM 159"]
[Source "ChessBase"]
[SourceDate "2014.03.17"]
[SourceVersion "1"]
[SourceVersionDate "2014.03.17"]
[SourceQuality "1"]

1. d4 Nf6 2. c4 e6 3. Nc3 Bb4 4. Nf3 d5 5. cxd5 exd5 6. Bg5 Nbd7 7. Qc2 c5 8. dxc5 h6 9. Bd2 Nxc5 10. e3 0-0 11. Be2 Bg4 12. 0-0 Rc8 13. Qd1 a5 14. a3 Bxc3 15. Bxc3 Nfe4 16. Rc1 Nxc3 17. Rxc3 Qd6 18. Qd4 Ne4 19. Rb3 Rc2 20. Bd3 Bxf3 21. Rb6 Qd8 22. Bxc2 Qg5 23. g3 Qf5 24. Bxe4 dxe4 25. Rg6 fxg6 26. Qc4+ Kh7 27. Rb1 b5 28. Qf1 a4 29. b3 axb3 30. Rxb3 Rb8 31. Rb1 Qd7 32. Rb3 Qd2 0-1

[Event "LSS No Engine Cup 59 Preliminary 4"]
[Site "LSS email"]
[Date "2012.02.06"]
[Round "?"]
[White "Leonov, Aleksandr"]
[Black "Rossetti, Mario"]
[Result "0-1"]
[WhiteElo "1059"]
[BlackElo "1647"]
[PlyCount "40"]
[EventDate "2012.02.07"]
[EventType "tourn (corr)"]
[EventRounds "6"]
[EventCountry "GER"]
[SourceTitle "Telechess CBM 153"]
[Source "ChessBase"]
[SourceDate "2013.03.14"]
[SourceVersion "1"]
[SourceVersionDate "2013.03.14"]
[SourceQuality "1"]

1. e4 e6 2. d4 d5 3. e5 c5 4. Bb5+ Bd7 5. Bxd7+ Nxd7 6. c3 Qb6 7. Nf3 Qa6 8. Bg5 h6 9. Bh4 g5 10. Bg3 Ne7 11. h3 Nf5 12. Bh2 cxd4 13. cxd4 Rc8 14. Nc3 Bb4 15. Qc2 h5 16. a3 g4 17. hxg4 hxg4 18. Qb1 Bxc3+ 19. bxc3 gxf3 20. g3 Qe2# 0-1

[Event "LSS No Engine Cup 59 Preliminary 4"]
[Site "LSS email"]
[Date "2012.02.06"]
[Round "?"]
[White "Nikel, Bogdan"]
[Black "Rossetti, Mario"]
[Result "1-0"]
[WhiteElo "1907"]
[BlackElo "1647"]
[PlyCount "111"]
[EventDate "2012.02.07"]
[EventType "tourn (corr)"]
[EventRounds "6"]
[EventCountry "GER"]
[SourceTitle "Telechess CBM 155"]
[Source "ChessBase"]
[SourceDate "2013.07.16"]
[SourceVersion "1"]
[SourceVersionDate "2013.07.16"]
[SourceQuality "1"]

1. e4 c5 2. Nf3 d6 3. Bb5+ Bd7 4. Bxd7+ Qxd7 5. 0-0 Nf6 6. Qe2 Nc6 7. Rd1 e6 8. d4 cxd4 9. Nxd4 Be7 10. Nc3 0-0 11. Bg5 a6 12. Nxc6 Qxc6 13. Rd3 h6 14. Bh4 Qc5 15. a3 Rfc8 16. Kh1 g5 17. Bg3 e5 18. f3 Qc4 19. Bf2 Kg7 20. Rad1 b5 21. R1d2 Qe6 22. Nd1 Nh5 23. g3 Rc6 24. Ne3 Kg8 25. c3 Bf8 26. Nd5 Qh3 27. Rd1 Kh8 28. Kg1 Kg8 29. Be3 Kh8 30. Bc1 Qe6 31. f4 Nxf4 32. gxf4 exf4 33. Qh5 Re8 34. h4 Qg6 35. Qxg6 fxg6 36. hxg5 hxg5 37. Re1 Rc5 38. Kf2 Kg7 39. Kf3 Kf7 40. Rg1 Re5 41. Rd4 a5 42. a4 bxa4 43. Rxa4 Be7 44. c4 g4+ 45. Rxg4 g5 46. Bd2 Bd8 47. Rg1 Re8 48. Rh1 Rg8 49. Bc3 Ke8 50. b3 Rf8 51. Raa1 Rf7 52. b4 axb4 53. Bxb4 Rxc4 54. Rh8+ Rf8 55. Rxf8+ Kxf8 56. Ra8 1-0

[Event "CP-2011-P-00029"]
[Site "LSS email"]
[Date "2011.09.30"]
[Round "?"]
[White "Schoenbuchner, Gerhard"]
[Black "Rossetti, Mario"]
[Result "0-1"]
[WhiteElo "1094"]
[BlackElo "1636"]
[PlyCount "93"]
[EventDate "2011.10.01"]
[EventType "tourn (corr)"]
[EventRounds "6"]
[EventCountry "GER"]
[SourceTitle "Telechess CBM 165"]
[Source "ChessBase"]
[SourceDate "2015.03.11"]
[SourceVersion "1"]
[SourceVersionDate "2015.03.11"]
[SourceQuality "1"]

1. e4 d5 2. exd5 Nf6 3. Nc3 Nxd5 4. Nxd5 Qxd5 5. Ne2 Bg4 6. d4 Nc6 7. f3 Bf5 8. Be3 Nb4 9. Nf4 Qc6 10. Bd3 Bxd3 11. Nxd3 Nxc2+ 12. Kf2 Nxa1 13. Qd2 Nb3 14. axb3 e6 15. Rc1 Qd7 16. Qa5 c6 17. Nc5 Bxc5 18. Qxc5 Qd5 19. b4 Qa2 20. Bg5 f6 21. Be3 Qxb2+ 22. Rc2 Qb3 23. Re2 Kf7 24. Qh5+ g6 25. Qc5 Rhd8 26. h4 Rd5 27. Qc1 Qxb4 28. h5 Rxh5 29. Rb2 Qe7 30. Qb1 b6 31. Rc2 Qd6 32. Qc1 Rc8 33. Ra2 a5 34. Qb2 Rb5 35. Qc1 h5 36. Rc2 g5 37. Rc4 h4 38. Kg1 h3 39. gxh3 Qg3+ 40. Kf1 Qxf3+ 41. Ke1 Qh1+ 42. Kd2 Qxc1+ 43. Rxc1 Rb2+ 44. Kd3 Rh2 45. Rf1 Rxh3 46. Kd2 Rg3 47. Rh1 0-1

[Event "BI-2011-P-00015"]
[Site "LSS email"]
[Date "2011.04.17"]
[Round "?"]
[White "Rossetti, Mario"]
[Black "Launhardt, Wolfgang"]
[Result "0-1"]
[WhiteElo "1655"]
[BlackElo "2150"]
[PlyCount "68"]
[EventDate "2011.04.20"]
[EventType "tourn (corr)"]
[EventRounds "10"]
[EventCountry "GER"]
[SourceTitle "Telechess CBM 157"]
[Source "ChessBase"]
[SourceDate "2013.11.12"]
[SourceVersion "1"]
[SourceVersionDate "2013.11.12"]
[SourceQuality "1"]

1. d4 g6 2. c4 c5 3. d5 d6 4. Nc3 Bg7 5. e4 Nd7 6. Bd2 Bd4 7. Nf3 Ngf6 8. Be2 Ne5 9. Nxd4 cxd4 10. Nb5 d3 11. Bf3 Nxc4 12. Qc1 Nxd2 13. Qxd2 a6 14. Nc3 Qb6 15. 0-0 0-0 16. Rab1 Qd4 17. Rfd1 Bg4 18. Qf4 Bd7 19. Qd2 Bb5 20. a3 Bc4 21. b3 Bb5 22. a4 Rfc8 23. Rbc1 Be8 24. Qxd3 Qxd3 25. Rxd3 Rc5 26. Re3 Rac8 27. Be2 e6 28. Bf1 exd5 29. exd5 Kg7 30. Rd3 Bd7 31. b4 R5c7 32. g4 Bxg4 33. Bg2 Bf5 34. Re3 Nh5 0-1

[Event "BI-2011-P-00015"]
[Site "LSS email"]
[Date "2011.04.17"]
[Round "?"]
[White "Rossetti, Mario"]
[Black "Tamashiro, Ariel"]
[Result "1-0"]
[WhiteElo "1655"]
[BlackElo "1278"]
[PlyCount "33"]
[EventDate "2011.04.20"]
[EventType "tourn (corr)"]
[EventRounds "10"]
[EventCountry "GER"]
[SourceTitle "Corr 2015"]
[Source "ChessBase"]
[SourceDate "2015.07.17"]
[SourceVersion "1"]
[SourceVersionDate "2015.07.17"]
[SourceQuality "1"]

1. d4 Nf6 2. c4 e6 3. Nc3 Bb4 4. e3 b6 5. Bd3 Bb7 6. Nge2 Bxg2 7. Rg1 Bf3 8. Rxg7 Ng4 9. h3 f5 10. hxg4 Qf6 11. Rxd7 Nxd7 12. Qc2 Bxg4 13. Qa4 a5 14. Qc6 Rc8 15. Bd2 h5 16. f3 Bh3 17. Nf4 1-0

[Event "BI-2011-P-00015"]
[Site "LSS email"]
[Date "2011.04.17"]
[Round "?"]
[White "Rossetti, Mario"]
[Black "Topot, Iwan"]
[Result "0-1"]
[WhiteElo "1655"]
[BlackElo "1745"]
[PlyCount "90"]
[EventDate "2011.04.20"]
[EventType "tourn (corr)"]
[EventRounds "10"]
[EventCountry "GER"]
[SourceTitle "Telechess CBM 157"]
[Source "ChessBase"]
[SourceDate "2013.11.12"]
[SourceVersion "1"]
[SourceVersionDate "2013.11.12"]
[SourceQuality "1"]

1. d4 d5 2. Bf4 e6 3. e3 c5 4. c3 Nf6 5. Nf3 Nc6 6. Nbd2 Bd6 7. Bg3 Bxg3 8. hxg3 Qd6 9. Bb5 Bd7 10. Bxc6 Bxc6 11. Ne5 Nd7 12. Ndf3 h6 13. Nxd7 Bxd7 14. dxc5 Qxc5 15. Ne5 Qc7 16. Nxd7 Qxd7 17. Qg4 f5 18. Qb4 a5 19. Qc5 Kf7 20. Qd4 Rhc8 21. 0-0 Rc4 22. Qd3 Rac8 23. Rfd1 b5 24. a3 Qe7 25. Rdb1 h5 26. Qe2 Qg5 27. b3 Rxc3 28. Qxb5 h4 29. gxh4 Qxh4 30. g3 Qh5 31. Qd7+ Kf6 32. Qa4 Rh8 33. Qd4+ e5 34. Qh4+ Qxh4 35. gxh4 Rxh4 36. b4 axb4 37. axb4 f4 38. b5 Rg4+ 39. Kf1 f3 40. Rc1 Rxc1+ 41. Rxc1 Rb4 42. Kg1 Rxb5 43. Kh2 Kf5 44. Rh1 Rb6 45. Kg3 Rh6 0-1

[Event "BI-2010-F-00015"]
[Site "LSS email"]
[Date "2011.02.21"]
[Round "?"]
[White "Rossetti, Mario"]
[Black "Moreira, Carlos Alberto Lima"]
[Result "1-0"]
[WhiteElo "1655"]
[BlackElo "1803"]
[PlyCount "51"]
[EventDate "2011.02.24"]
[EventType "tourn (corr)"]
[EventRounds "10"]
[EventCountry "GER"]
[SourceTitle "Telechess CBM 157"]
[Source "ChessBase"]
[SourceDate "2013.11.12"]
[SourceVersion "1"]
[SourceVersionDate "2013.11.12"]
[SourceQuality "1"]

1. e4 c5 2. Nc3 Nc6 3. Nf3 g6 4. d4 cxd4 5. Nxd4 Bg7 6. Be3 Nf6 7. Bc4 0-0 8. Bb3 d6 9. f3 Bd7 10. Qd2 Rc8 11. 0-0-0 Ne5 12. h4 h5 13. Bg5 Rc5 14. Kb1 b5 15. g4 hxg4 16. h5 Nxh5 17. Nd5 Re8 18. Rxh5 gxh5 19. Qh2 gxf3 20. Qxh5 f2 21. Rh1 Qa5 22. c3 f1Q+ 23. Rxf1 Bg4 24. Qh4 Rxd5 25. exd5 Qb6 26. Bh6 1-0

[Event "LSS No Engine Cup 32 Preliminary 7"]
[Site "LSS email"]
[Date "2010.12.07"]
[Round "?"]
[White "Rossetti, Mario"]
[Black "Bearce, Harold L"]
[Result "1-0"]
[WhiteElo "1584"]
[BlackElo "451"]
[PlyCount "29"]
[EventDate "2010.12.08"]
[EventType "tourn (corr)"]
[EventRounds "6"]
[EventCountry "GER"]
[SourceTitle "Corr 2015"]
[Source "ChessBase"]
[SourceDate "2015.07.17"]
[SourceVersion "1"]
[SourceVersionDate "2015.07.17"]
[SourceQuality "1"]

1. d4 d5 2. Bf4 Nf6 3. e3 e6 4. Nf3 c5 5. Bb5+ Bd7 6. Bxd7+ Nbxd7 7. 0-0 Ne4 8. c4 dxc4 9. Na3 a6 10. Qc2 Ndf6 11. Nxc4 Be7 12. Rfd1 0-0 13. dxc5 Qc8 14. b4 Rd8 15. Nb6 1-0